000 00866nam a2200277 a 4500
008
020 _a9780727741448 (hardback)
040 _aNUST
_cNUST
049 _aMAIN
090 _aREF TH851
_bICE
245 1 0 _aICE Manual of structural design :
_bbuildings /
_cedited by John W. Bull.
260 _aLondon :
_bICE Publishing,
_c2012.
300 _axvii, 425 pages :
_billustrations ;28 cm.
336 _atext
_btxt
_2rdacontent
337 _aumediated
_bn
_2rdamedia
338 _avolume
_bnc
_2rdacarrier
440 _aICE Manuals Series
500 _aIncludes index.
504 _aIncludes bibliographical references.
650 1 _aStructural Design.
700 _aBull, John W.,
_aeditor.
907 _a.b10400540
_b08-07-21
_c07-04-21
003
005 20230123141150.0
942 _cBOOKS
_kREF TH851
_mICE
999 _c168780
_d168780